Responses for Show #6800 - Friday, March 21, 2014

Contestants

[<< previous game]

Joe Morse, a Coast Guard helicopter mechanic originally from Minneapolis, Minnesota

Lindsay Wilson, a graduate student of social work from Severn, Maryland

Diane Levinson, a book publicist from Astoria, New York (whose 1-day cash winnings total $16,800)

[next game >>]

Jeopardy! Round responses

VAMPIRE FLICKS
THEY DRINK BLOOD
SAFE WORDS
(Alex: We're talking about words that have something to do with the safe you put your valuables in.)
INSTRUMENT-AL TO MY CAREER
(Alex: You identify the main instrument for each man.)
ABBREV-"E"-ATIONS
FLYING INTO HISTORY
(Jimmy: Great planes of the 20th century from the USA's biggest private aviation museum, the Pima Air & Space Museum in Tucson.)
    $200 8
[ERRATUM: The accepted response was the third film in the Twilight series; New Moon was the second.]

Eclipse

Lindsay
    $200 17
leeches

Joe
    $200 6
lock

Diane
    $200 14
the piano

Diane
    $200 1
Exporting

Triple Stumper
    $200 26
Tokyo

Diane
    $400 9
Buffy

Joe
    $400 18
(Lindsay: What are lungs?)

gills

LindsayJoe
    $400 7
combination

Lindsay
    $400 20
bass (bass guitar)

Diane
    $400 2
Entertainment

Joe
    $400 27
an aircraft carrier

Joe
    $600 10
George Hamilton

Diane
    $600 19
(Lindsay: What are fleas?)

ticks

DianeLindsay
    $600 13
vault

Lindsay
    $600 21
the trumpet

Diane
    $600 3
end-of-day

Diane
    $600 28
the Berlin Airlift

Diane
    $800 11
Underworld

Lindsay
    $800 24
lice

Joe
    $800 15
(Diane: [No response])
(Alex: Oh, you're not coming up with it?)
(Diane: No.)

crack

DianeLindsay
    $800 22
the drums

Joe
    $800 4
Equal Opportunity

Diane
    $800 29
Hermann Goering

Triple Stumper
    $1000 12
Nosferatu

Diane
    $3,000 25
the tsetse fly

Joe
    $1000 16
(Alex: Ah, this is a tougher one. "What are [*]?" [*] that you find in combination locks.)

tumblers

Triple Stumper
    $1000 23
the violin

Diane
    $1000 5
evacuation

Diane
    $1000 30
(Joe: What is South Korea?)

the Soviet Union

DianeJoe

Scores at the first commercial break (after clue 15):

Diane Lindsay Joe
$3,600 $2,800 $800

Scores at the end of the Jeopardy! Round:

Diane Lindsay Joe
$8,000 $1,800 $5,400

Double Jeopardy! Round responses

WELCOME TO T.G.I. FRIDA'S
FEDERAL AGENCIES
THE LANGUAGE OF LOVE
AFRICAN HISTORY
SPORTS SUPERSTARS
"WORD" WORDS
    $400 21
Diego Rivera

Diane
    $400 1
Aging

Lindsay
    $400 14
a migraine

Diane
    $400 23
(Mu'ammar) Gadhafi

Joe
    $400 8
(Joe: Who is Magic Johnson?)

Wayne Gretzky

DianeJoe
    $400 4
crossword

Lindsay
    $800 22
New York City

Joe
    $800 2
Puerto Rico

Lindsay
    $800 15
Jane Eyre

Lindsay
    $800 24
(Alex: That's the country, with a minute to go.)

Rwanda

Joe
    $800 10
(Annika) Sorenstam

Lindsay
    $800 7
password

Joe
    $1200 3
NASA

Diane
    $1200 16
Hemingway

Diane
    $1200 11
Wilt Chamberlain

Joe
    $1200 9
the foreword

Lindsay
    $1600 28
[The end-of-round signal sounds.]

(Leon) Trotsky

Joe
    $2,000 5
the ATF (Alcohol, Tobacco, and Firearms)

Lindsay
    $1600 17
(Diane: Who is Robert Browning?)

John Keats

Diane
Triple Stumper
    $2,000 27
(Joe: What is the Islamic Brotherhood?)
(Alex: No, sorry. There are a number of Islamic brotherhoods, but the one in question here is [*].)

the Muslim Brotherhood

Joe
    $1600 12
Jerry Rice

Lindsay
    $1600 19
word association

Joe
    $2000 26
a sculptor

Joe
    $2000 6
Agriculture

Diane
    $2000 18
William Blake

Triple Stumper
    $2000 25
(Haile) Selassie

Diane
    $2000 13
(Diane: What is Prague?)

Belgrade

Diane
Triple Stumper
    $2000 20
"In the beginning was the word"

Diane

Scores at the end of the Double Jeopardy! Round:

Diane Lindsay Joe
$14,000 $9,800 $12,200

[wagering suggestions for these scores]

Final Jeopardy! Round responses

CURRENT REALITY TV
LindsayWhat is Duck Dynasty?
$9,700
JoeWhat is Duck Dynasty
$12,200
DianeWhat is talk soup?
$10,401
Duck Dynasty

Final scores:

Diane Lindsay Joe
$3,599 $19,500 $24,400
3rd place: $1,000 2nd place: $2,000 New champion: $24,400

Game dynamics:

Coryat scores:

Diane Lindsay Joe
$14,000 $9,400 $12,200
22 R,
3 W
13 R
(including 1 DD),
2 W
16 R
(including 1 DD),
3 W
(including 1 DD)

Combined Coryat: $35,600

[game clues] [game scores] [suggest correction]

Game tape date: 2013-12-03
The J! Archive is created by fans, for fans. Scraping, republication, monetization, and malicious use prohibited; this site may use cookies and collect identifying information. See terms. The Jeopardy! game show and all elements thereof, including but not limited to copyright and trademark thereto, are the property of Jeopardy Productions, Inc. and are protected under law. This website is not affiliated with, sponsored by, or operated by Jeopardy Productions, Inc. Join the discussion at JBoard.tv.